000
00314nam a22001337a 4500
008
170613b xxu||||| |||| 00| 0 eng d
020
_a
9780534128586
041
_a
eng
080
_a
32
100
_a
19
101
_a
SHP
245
_a
CONTEMPORARY POLITICAL IDEOLOGIES: A READER
_c
SARGENT, L.T
942
_2
udc
_c
BK
999
_c
17148
_d
17148